[Event "Campeonato Brasileiro Amador 2017 Under"]
[Site "?"]
[Date "2017.10.13"]
[Round "3.11"]
[White "Silva, Fabio Alcantara Mar"]
[Black "Gobbo Junior, Jose Arildo"]
[Result "1-0"]
[WhiteElo "1800"]
[BlackElo "1846"]
[PlyCount "91"]
[EventDate "2017.10.12"]

1. Nf3 Nf6 2. b3 e6 3. Bb2 d5 4. e3 Be7 5. Be2 c5 6. O-O O-O 7. d4 b6 8. Nbd2
Bb7 9. c4 Nbd7 10. Rc1 Re8 11. cxd5 exd5 12. Bb5 a6 13. Bxd7 Nxd7 14. Qc2 Bf6
15. Qf5 Qe7 16. Rc2 Rac8 17. Rfc1 Qe6 18. Qf4 b5 19. dxc5 Bxb2 20. Rxb2 Nxc5
21. Qd4 Qe7 22. Rbc2 Ne6 23. Qb6 Rxc2 24. Rxc2 d4 25. Nxd4 Nxd4 26. Qxd4 Qg5
27. f3 Rd8 28. Qf4 Qxf4 29. exf4 g6 30. Kf2 Kg7 31. Ne4 Bxe4 32. fxe4 f6 33.
Ke3 Rd6 34. Rc7+ Kg8 35. e5 fxe5 36. fxe5 Re6 37. Ke4 h5 38. Kd5 Re8 39. e6 Kf8
40. Kd6 Rd8+ 41. Rd7 Rc8 42. e7+ Ke8 43. h4 Rb8 44. Rd8+ Rxd8+ 45. exd8=Q+ Kxd8
46. b4 1-0

[Event "Campeonato Brasileiro Amador 2017 Under2"]
[Site "?"]
[Date "2017.10.13"]
[Round "4.1"]
[White "Van Riemsdijk, Dirk D"]
[Black "Felix Simoes, Rodrigo"]
[Result "1/2-1/2"]
[WhiteElo "1992"]
[BlackElo "2078"]
[PlyCount "81"]
[EventDate "2017.10.12"]

1. c4 e5 2. Nc3 Nc6 3. Nf3 f5 4. d3 Nf6 5. g3 Bb4 6. a3 Bxc3+ 7. bxc3 d6 8. Bg2
O-O 9. Rb1 Qe8 10. a4 e4 11. Nd4 exd3 12. Qxd3 Ne4 13. Nxc6 bxc6 14. c5 Nxc5
15. Qe3 Bd7 16. O-O Nxa4 17. Qd4 Nc5 18. Ba3 Ne6 19. Qd3 f4 20. Rb7 fxg3 21.
hxg3 Rb8 22. Rxa7 Ra8 23. Rxa8 Qxa8 24. c4 Ng5 25. f4 Bf5 26. Qc3 Ne4 27. Bxe4
Bxe4 28. Bb2 Rf7 29. c5 d5 30. Ra1 Qc8 31. Kf2 h6 32. Qe5 Qh3 33. Rg1 Qd7 34.
Bd4 Re7 35. Qh5 Qe6 36. Be5 Bg6 37. Qf3 Be4 38. Qh5 Rf7 39. Bd4 Bg6 40. Qf3 Be4
41. Qe3 1/2-1/2

[Event "Campeonato Brasileiro Amador 2017 Under2"]
[Site "?"]
[Date "2017.10.13"]
[Round "4.2"]
[White "Frois, Vitor Amorim"]
[Black "Hoshino, Karen"]
[Result "1-0"]
[WhiteElo "2045"]
[BlackElo "1978"]
[PlyCount "97"]
[EventDate "2017.10.12"]

1. e4 c5 2. Nf3 d6 3. d4 cxd4 4. Nxd4 Nf6 5. Nc3 a6 6. f3 e5 7. Nb3 h5 8. a4
Be6 9. Be3 Nbd7 10. a5 Rc8 11. Qd2 Qc7 12. Be2 Be7 13. O-O O-O 14. Rfc1 Rfd8
15. Nd5 Bxd5 16. exd5 Nc5 17. Nxc5 dxc5 18. c4 Re8 19. Bd3 e4 20. Bf4 Bd6 21.
Bxd6 Qxd6 22. Bxe4 Nxe4 23. fxe4 Rxe4 24. b3 Rce8 25. Rf1 Re2 26. Qg5 R8e5 27.
Qg3 R2e3 28. Rf3 R3e4 29. Raf1 Rg4 30. Qf2 f6 31. Re3 Rd4 32. Rfe1 h4 33. Rxe5
fxe5 34. Qf5 e4 35. Rxe4 Rxe4 36. Qxe4 Qf6 37. h3 Qa1+ 38. Kh2 Qxa5 39. Qe8+
Kh7 40. d6 Qd2 41. Qh5+ Kg8 42. Qe5 Qd3 43. Qxc5 Qxb3 44. Qd5+ Kh7 45. Qe4+ Kg8
46. d7 Qg3+ 47. Kh1 Qc7 48. Qe8+ Kh7 49. d8=Q 1-0

[Event "Campeonato Brasileiro Amador 2017 Under2"]
[Site "?"]
[Date "2017.10.13"]
[Round "4.3"]
[White "Yoshioka, Andre"]
[Black "Vargas, Goncalo Cintra"]
[Result "1/2-1/2"]
[WhiteElo "1947"]
[BlackElo "2054"]
[PlyCount "72"]
[EventDate "2017.10.12"]

1. d4 f5 2. Nc3 Nf6 3. Bg5 g6 4. Bxf6 exf6 5. e3 d5 6. Qf3 Be6 7. h3 c6 8. Bd3
Bg7 9. O-O-O Nd7 10. g4 fxg4 11. hxg4 Bf7 12. Nge2 Qe7 13. Nf4 O-O-O 14. e4
dxe4 15. Bxe4 Nb6 16. d5 f5 17. d6 Rxd6 18. gxf5 gxf5 19. Bxf5+ Kb8 20. Rde1
Qf6 21. Nh5 Bxh5 22. Rxh5 Nc4 23. Qg3 Bh6+ 24. Kb1 Rhd8 25. Re6 Qg7 26. Bg4 Ka8
27. a3 Bd2 28. Rxd6 Rxd6 29. Be2 Qxg3 30. fxg3 Nxa3+ 31. bxa3 Bxc3 32. Rxh7 a5
33. Bd3 a4 34. g4 Re6 35. Rh1 Re1+ 36. Rxe1 Bxe1 1/2-1/2

[Event "Campeonato Brasileiro Amador 2017 Under"]
[Site "?"]
[Date "2017.10.13"]
[Round "4.4"]
[White "Loureiro, Anderson Felix"]
[Black "Reis Junior, Evandro De Laet"]
[Result "1-0"]
[WhiteElo "2129"]
[BlackElo "2039"]
[PlyCount "71"]
[EventDate "2017.10.12"]

1. e4 c5 2. Nf3 e6 3. d3 Nc6 4. g3 g6 5. Bg2 Bg7 6. O-O Nge7 7. Re1 d6 8. c3
O-O 9. d4 cxd4 10. cxd4 d5 11. e5 a6 12. Nc3 Bd7 13. h4 h5 14. Bg5 b5 15. Qd2
Qb6 16. Bh3 Kh7 17. Rad1 Rac8 18. Bf6 Ng8 19. Ng5+ Kh8 20. Nxd5 Qa7 21. Bxg7+
Kxg7 22. Nf4 Nce7 23. d5 Nxd5 24. Nxd5 exd5 25. Bxd7 Qxd7 26. e6 Qa7 27. exf7
Nf6 28. Ne6+ Kh7 29. Nxf8+ Rxf8 30. Qd4 Qxf7 31. Re2 Rc8 32. b3 Rc7 33. f3 a5
34. Rde1 b4 35. Qb6 Kh6 36. Re6 1-0

[Event "Campeonato Brasileiro Amador 2017 Under"]
[Site "?"]
[Date "2017.10.13"]
[Round "4.5"]
[White "Moreira, Ronaldo Alonso"]
[Black "Damaceno, Mateus Lima"]
[Result "1/2-1/2"]
[WhiteElo "2043"]
[BlackElo "1947"]
[PlyCount "49"]
[EventDate "2017.10.12"]

1. d4 Nf6 2. c4 g6 3. Nc3 d5 4. Qb3 dxc4 5. Qxc4 Bg7 6. Nf3 O-O 7. e4 a6 8. Bf4
c6 9. Be2 b5 10. Qd3 Be6 11. O-O Nbd7 12. Qc2 Qb6 13. h3 Rfd8 14. Rfd1 h6 15.
Rac1 Qb7 16. b3 Rac8 17. g4 Nf8 18. Rd2 N6d7 19. Rcd1 h5 20. Ne1 hxg4 21. hxg4
f6 22. Qd3 g5 23. Bh2 c5 24. d5 Bf7 25. Ng2 1/2-1/2

[Event "Campeonato Brasileiro Amador 2017 Under2"]
[Site "?"]
[Date "2017.10.13"]
[Round "4.6"]
[White "Guimaraes, Artemis Pamela"]
[Black "Fajardo Freire, Joao Alfredo C"]
[Result "0-1"]
[WhiteElo "1942"]
[BlackElo "2151"]
[PlyCount "126"]
[EventDate "2017.10.12"]

1. e4 c5 2. Nf3 e6 3. d4 cxd4 4. Nxd4 Nc6 5. c4 Nf6 6. Nc3 Bb4 7. Nxc6 bxc6 8.
Bd3 e5 9. O-O O-O 10. Be3 d6 11. Qa4 Bxc3 12. bxc3 Qc7 13. Rad1 Be6 14. Qa3 Nd7
15. Be2 c5 16. Qa6 Nb6 17. a4 Bc8 18. Qa5 Bd7 19. Ra1 Qc6 20. Bd1 Nxc4 21. Qb5
Nxe3 22. fxe3 Qxb5 23. axb5 Bxb5 24. Rf2 Bc6 25. Bf3 Rfd8 26. Ra5 a6 27. c4 Rd7
28. Rb2 Kf8 29. Rb6 Rc7 30. Raxa6 Rxa6 31. Rxa6 Ke7 32. Kf2 g6 33. Ke2 Bd7 34.
Kd2 Rb7 35. Kc3 Be6 36. Ra1 Rb6 37. Bd1 h5 38. Ba4 f5 39. exf5 Bxf5 40. Bb5 d5
41. Ra7+ Kf6 42. Rc7 d4+ 43. Kd2 d3 44. Rxc5 e4 45. Rc6+ Rxc6 46. Bxc6 h4 47.
Bb7 Ke5 48. c5 Be6 49. g3 hxg3 50. hxg3 Bd5 51. Bc8 Bc6 52. Bg4 Kd5 53. Kc3
Kxc5 54. Bd1 Kd5 55. Kb4 Ke5 56. Kc5 Bd7 57. Kc4 Bh3 58. g4 Kf6 59. Kd4 Bg2 60.
Kc3 Kg5 61. Kd4 Kh4 62. Ke5 Bf3 63. Bb3 Kxg4 0-1

[Event "Campeonato Brasileiro Amador 2017 Under2"]
[Site "?"]
[Date "2017.10.13"]
[Round "4.7"]
[White "Goncalves, Marcus Vinicius M"]
[Black "De Sousa, Matheus Mazim"]
[Result "0-1"]
[WhiteElo "1970"]
[BlackElo "2120"]
[PlyCount "65"]
[EventDate "2017.10.12"]

1. d4 d5 2. c4 e6 3. Nc3 c6 4. Nf3 dxc4 5. e4 b5 6. e5 Bb7 7. Be2 a6 8. O-O Ne7
9. Ne4 Nd5 10. Bg5 Qb6 11. b3 c3 12. Qc2 b4 13. Bh4 h6 14. Bg3 Nd7 15. Nd6+
Bxd6 16. exd6 c5 17. Ne5 h5 18. Rad1 h4 19. Nxd7 Kxd7 20. Be5 Qc6 21. dxc5 Ne3
22. Bf3 Nxc2 23. Bxc6+ Bxc6 24. Rc1 Na3 25. f4 h3 26. g3 f6 27. Bd4 Nb5 28. Be3
a5 29. Rfe1 a4 30. Re2 axb3 31. axb3 Ra3 32. Rce1 Bf3 33. Bc1 0-1

[Event "Campeonato Brasileiro Amador 2017 Under"]
[Site "?"]
[Date "2017.10.13"]
[Round "4.8"]
[White "Fonseca, Luis Ernesto Serra "]
[Black "Silva, Fabio Alcantara Mar"]
[Result "1-0"]
[WhiteElo "2000"]
[BlackElo "1800"]
[PlyCount "63"]
[EventDate "2017.10.12"]

1. e4 d5 2. exd5 Nf6 3. d4 Nxd5 4. Nf3 Bg4 5. Bc4 e6 6. Nbd2 c5 7. dxc5 Bxc5 8.
Ne4 O-O 9. Nxc5 Qa5+ 10. c3 Qxc5 11. Be2 Nc6 12. O-O Rfd8 13. Qb3 Na5 14. Qa4
Bxf3 15. Bxf3 Nc4 16. Re1 Qc7 17. Qc2 Ne5 18. Be4 Ng6 19. h4 Qe5 20. Bg5 f5 21.
Bxd5 Qxd5 22. Rad1 Qa5 23. Bxd8 Rxd8 24. Rxd8+ Qxd8 25. Qb3 Nxh4 26. Rxe6 Kf8
27. Qb4+ Kf7 28. Qc4 b5 29. Rd6+ bxc4 30. Rxd8 Ke6 31. Ra8 g5 32. Rxa7 1-0

[Event "Campeonato Brasileiro Amador 2017 Under2"]
[Site "?"]
[Date "2017.10.13"]
[Round "4.10"]
[White "Sano, Rafael Angelo Nobuyu"]
[Black "De Almeida, Guilherme Pereira"]
[Result "1/2-1/2"]
[WhiteElo "1884"]
[BlackElo "1874"]
[PlyCount "79"]
[EventDate "2017.10.12"]

1. e4 d6 2. d4 Nf6 3. Nc3 e5 4. Nf3 Nbd7 5. dxe5 Nxe5 6. Nd4 Be7 7. f4 Ng6 8.
Be2 c6 9. Be3 Qc7 10. Qd2 Bg4 11. O-O-O Bf8 12. h3 Bxe2 13. Qxe2 Ne7 14. Ndb5
cxb5 15. Nxb5 Qc6 16. Nxd6+ Kd7 17. Nxf7+ Ke8 18. Nd6+ Kd7 19. Nb5+ Kc8 20. Rd6
Qxe4 21. Rxf6 Nf5 22. Rxf5 Qxf5 23. Qc4+ Kd8 24. Rd1+ Ke7 25. Qc7+ Kf6 26. Nd4
Qe4 27. Re1 Bb4 28. c3 Rac8 29. Qe5+ Qxe5 30. fxe5+ Kg6 31. Nf3 Bc5 32. Nh4+
Kf7 33. Nf5 Bxe3+ 34. Rxe3 Rc7 35. e6+ Kf6 36. Nd4 Rd8 37. Kd2 Re7 38. Kc2 Rc7
39. Rf3+ Kg6 40. Kb3 1/2-1/2

[Event "Campeonato Brasileiro Amador 2017 Under2"]
[Site "?"]
[Date "2017.10.13"]
[Round "4.11"]
[White "Bortoloso, Moacir Canella"]
[Black "Simao Vasconcellos, Pedro Augu"]
[Result "1/2-1/2"]
[WhiteElo "2079"]
[BlackElo "1741"]
[PlyCount "62"]
[EventDate "2017.10.12"]

1. e4 Nc6 2. Nf3 f5 3. e5 d6 4. exd6 cxd6 5. d4 Nf6 6. Nc3 e5 7. dxe5 dxe5 8.
Qxd8+ Kxd8 9. Bg5 e4 10. O-O-O+ Ke8 11. Nd4 Nxd4 12. Rxd4 Bc5 13. Rd2 Be6 14.
Bb5+ Kf7 15. a3 a6 16. Ba4 b5 17. Bb3 Bxb3 18. cxb3 b4 19. axb4 Bxb4 20. Bxf6
gxf6 21. Rd7+ Kg6 22. Nd5 Rac8+ 23. Kb1 a5 24. Rd1 Rhe8 25. h4 h5 26. Nxb4 axb4
27. R1d4 f4 28. R7d6 e3 29. Rxf4 e2 30. Rfxf6+ Kg7 31. Rg6+ Kf7 1/2-1/2

[Event "Campeonato Brasileiro Amador 2017 Under2"]
[Site "?"]
[Date "2017.10.14"]
[Round "5.1"]
[White "Loureiro, Anderson Felix"]
[Black "Frois, Vitor Amorim"]
[Result "0-1"]
[WhiteElo "2129"]
[BlackElo "2045"]
[PlyCount "86"]
[EventDate "2017.10.12"]

1. Nf3 c5 2. g3 Nc6 3. Bg2 g6 4. O-O Bg7 5. d3 Nf6 6. e4 d6 7. h3 O-O 8. Nc3
Rb8 9. a4 a6 10. Re1 b5 11. axb5 axb5 12. e5 Ne8 13. Bf4 Nd4 14. Nxd4 cxd4 15.
exd6 Nxd6 16. Nd5 e6 17. Nb4 Rb6 18. Nc6 Qc7 19. Ra7 Rb7 20. Ra6 Re8 21. Ne7+
Qxe7 22. Bxd6 Qd8 23. Bc6 Rb8 24. Bxe8 Bxa6 25. Bxb8 Qxe8 26. Be5 Bb7 27. Bxg7
Kxg7 28. f3 Qc6 29. Kg2 f6 30. Qe2 e5 31. Ra1 Qc5 32. b4 Qc6 33. Qd1 Kg8 34.
Qe2 Kf8 35. h4 Kf7 36. h5 Kg7 37. hxg6 hxg6 38. g4 g5 39. Rh1 Qe6 40. Qd2 Qxg4+
41. Kh2 Bxf3 42. Rc1 Qh4+ 43. Kg1 Qh1+ 0-1

[Event "Campeonato Brasileiro Amador 2017 Under2"]
[Site "?"]
[Date "2017.10.14"]
[Round "5.3"]
[White "Fajardo Freire, Joao Alfredo C"]
[Black "Van Riemsdijk, Dirk D"]
[Result "0-1"]
[WhiteElo "2151"]
[BlackElo "1992"]
[PlyCount "72"]
[EventDate "2017.10.12"]

1. e4 c6 2. d4 d5 3. Nc3 dxe4 4. Nxe4 Bf5 5. Ng3 Bg6 6. Bc4 e6 7. N1e2 Bd6 8.
h4 h6 9. Nf4 Bxf4 10. Bxf4 Qb6 11. Bxe6 fxe6 12. Qg4 Kf7 13. h5 Bf5 14. Nxf5
Qa5+ 15. c3 Qxf5 16. Qf3 Nf6 17. O-O-O Rf8 18. Rde1 Nd5 19. Rh4 Kg8 20. g3 Nd7
21. c4 Nb4 22. Re2 Nxa2+ 23. Kd2 Qa5+ 24. Kc2 Nb4+ 25. Kb3 e5 26. Rg4 Rf7 27.
dxe5 Nc5+ 28. Kc3 Rd8 29. Rd2 Na4+ 30. Kb3 Rxd2 31. Rxg7+ Rxg7 32. Bxd2 Nc5+
33. Kc3 Nbd3+ 34. Kc2 Qa4+ 35. Kb1 Qxc4 36. Qf5 Qe4 0-1

[Event "Campeonato Brasileiro Amador 2017 Under"]
[Site "?"]
[Date "2017.10.14"]
[Round "5.4"]
[White "De Sousa, Matheus Mazim"]
[Black "Fonseca, Luis Ernesto Serra "]
[Result "1-0"]
[WhiteElo "2120"]
[BlackElo "2000"]
[PlyCount "73"]
[EventDate "2017.10.12"]

1. d4 Nf6 2. c4 e6 3. Nf3 d5 4. Nc3 Be7 5. e3 O-O 6. Bd3 b6 7. e4 dxe4 8. Nxe4
Bb7 9. Qe2 Nc6 10. Be3 Nb4 11. Nxf6+ Bxf6 12. Bb1 Qd6 13. a3 Nc6 14. O-O Rad8
15. Rd1 Na5 16. Bd3 Bxf3 17. Qxf3 Qd7 18. Rab1 Nc6 19. d5 Ne5 20. Qe4 Nxd3 21.
Qxd3 exd5 22. cxd5 c6 23. d6 Be5 24. Rd2 Rfe8 25. Rbd1 Re6 26. g3 Bxb2 27. Rxb2
Rxd6 28. Qxd6 Qxd6 29. Rxd6 Rxd6 30. Rd2 Rxd2 31. Bxd2 Kf8 32. Kf1 Ke7 33. Ke2
Kd6 34. Kd3 Kc5 35. a4 b5 36. Be3+ Kb4 37. axb5 1-0

[Event "Campeonato Brasileiro Amador 2017 Under2"]
[Site "?"]
[Date "2017.10.14"]
[Round "5.5"]
[White "Vargas, Goncalo Cintra"]
[Black "Damaceno, Mateus Lima"]
[Result "1/2-1/2"]
[WhiteElo "2054"]
[BlackElo "1947"]
[PlyCount "93"]
[EventDate "2017.10.12"]

1. d4 Nf6 2. Bf4 g6 3. e3 Bg7 4. Nf3 O-O 5. Nbd2 d6 6. h3 c5 7. c3 b6 8. Bd3
Nbd7 9. O-O Re8 10. Bb5 Bb7 11. dxc5 bxc5 12. Qc2 Qb6 13. Qa4 Qc7 14. Rac1 a6
15. Be2 Qc6 16. Qxc6 Bxc6 17. b4 Nd5 18. Nb1 Nxf4 19. exf4 Bh6 20. g3 e5 21.
Rcd1 exf4 22. Rxd6 Rxe2 23. Rxc6 fxg3 24. fxg3 Rxa2 25. Rd1 Nf8 26. bxc5 Re8
27. Nbd2 Re3 28. c4 Ra5 29. Rc8 Rd3 30. c6 Rc5 31. c7 Rd7 32. Ra1 Rcxc7 33.
Rxc7 Rxc7 34. Rxa6 Ne6 35. Kf2 Nc5 36. Rd6 f5 37. Ke2 Re7+ 38. Kd1 Kf7 39. Rd5
Ne4 40. Ne5+ Ke6 41. Nxe4 fxe4 42. Nc6 Rd7 43. Nd4+ Ke7 44. Nc6+ Ke8 45. Rxd7
Kxd7 46. Nd4 Kd6 47. Nb3 1/2-1/2

[Event "Campeonato Brasileiro Amador 2017 Under2"]
[Site "?"]
[Date "2017.10.14"]
[Round "5.6"]
[White "Hoshino, Karen"]
[Black "Moreira, Ronaldo Alonso"]
[Result "1/2-1/2"]
[WhiteElo "1978"]
[BlackElo "2043"]
[PlyCount "26"]
[EventDate "2017.10.12"]

1. d4 d6 2. c4 e5 3. Nc3 c6 4. e4 Nd7 5. Nf3 Be7 6. Be2 Ngf6 7. O-O O-O 8. Re1
Qc7 9. Bf1 Re8 10. Rb1 Nf8 11. h3 Bd7 12. b4 b6 13. Be3 Ng6 1/2-1/2

[Event "Campeonato Brasileiro Amador 2017 Under2"]
[Site "?"]
[Date "2017.10.14"]
[Round "5.7"]
[White "Reis Junior, Evandro De Laet"]
[Black "Tamarozi, Isabelle"]
[Result "1/2-1/2"]
[WhiteElo "2039"]
[BlackElo "1928"]
[PlyCount "52"]
[EventDate "2017.10.12"]

1. d4 Nf6 2. Nf3 g6 3. Bf4 Bg7 4. Nc3 O-O 5. e4 d6 6. Qd2 c5 7. Bh6 cxd4 8.
Nxd4 Nc6 9. Bxg7 Kxg7 10. f3 d5 11. Nxc6 bxc6 12. e5 Nd7 13. h4 Nxe5 14. h5 Rh8
15. O-O-O Rb8 16. Qd4 f6 17. hxg6 Qb6 18. Rxh7+ Rxh7 19. Qxb6 axb6 20. gxh7 Bf5
21. b3 Kxh7 22. Ne2 Ra8 23. Kb2 Kg7 24. Nf4 Rh8 25. a4 Rh4 26. Nd3 Bxd3 1/2-1/2

[Event "Campeonato Brasileiro Amador 2017 Under"]
[Site "?"]
[Date "2017.10.14"]
[Round "5.8"]
[White "De Almeida, Guilherme Pereira"]
[Black "Goncalves, Marcus Vinicius M"]
[Result "0-1"]
[WhiteElo "1874"]
[BlackElo "1970"]
[PlyCount "76"]
[EventDate "2017.10.12"]

1. Nf3 Nf6 2. d3 g6 3. e4 d6 4. c3 Bg7 5. Nbd2 O-O 6. Be2 c6 7. O-O Nbd7 8. a4
Qc7 9. a5 e5 10. Nc4 Nc5 11. Qc2 Be6 12. Nfd2 Ng4 13. b4 Nd7 14. Nb3 Nh6 15. f3
f5 16. Be3 f4 17. Bf2 g5 18. d4 g4 19. dxe5 gxf3 20. gxf3 Nxe5 21. Nxe5 Bxe5
22. Nd4 Bh3 23. Kh1 Bxf1 24. Rxf1 Rf6 25. Bc4+ Kh8 26. Ne6 Qf7 27. Qb3 Qh5 28.
Be2 Re8 29. Nd4 a6 30. Qd1 Nf7 31. Rg1 Ng5 32. Rg2 Nh3 33. Qf1 Nxf2+ 34. Qxf2
Rg6 35. Rxg6 Qxg6 36. c4 Bxd4 37. Qxd4+ Qg7 38. Qxd6 Rg8 0-1

[Event "Campeonato Brasileiro Amador 2017 Under2"]
[Site "?"]
[Date "2017.10.14"]
[Round "5.9"]
[White "Gobbo Junior, Jose Arildo"]
[Black "Guimaraes, Artemis Pamela"]
[Result "1-0"]
[WhiteElo "1846"]
[BlackElo "1942"]
[PlyCount "135"]
[EventDate "2017.10.12"]

1. Nf3 Nf6 2. c4 e6 3. g3 d5 4. d4 Bb4+ 5. Bd2 a5 6. Bxb4 axb4 7. c5 c6 8. Ne5
O-O 9. Qb3 Qa5 10. e3 b6 11. cxb6 Qxb6 12. Be2 Nbd7 13. Nd3 c5 14. dxc5 Nxc5
15. Nxc5 Qxc5 16. Nd2 Bd7 17. O-O Rfb8 18. Rfc1 Qd6 19. Nf3 e5 20. Qd1 Ba4 21.
Qf1 Ne4 22. Bd1 h6 23. Bc2 Bxc2 24. Rxc2 Qf6 25. Nd2 Nxd2 26. Rxd2 Ra5 27. Qd1
Qc6 28. Rc2 Qg6 29. Rd2 Qe4 30. Qb3 Qc4 31. Qxc4 dxc4 32. Rc1 Rc8 33. Ra1 f6
34. a3 Rc7 35. Rdd1 Rca7 36. Rdc1 bxa3 37. Rxa3 Rxa3 38. bxa3 Ra4 39. Rc3 Kf7
40. Kf1 Ke6 41. Ke2 Kd5 42. f3 Ra5 43. Kd2 Rb5 44. Kc2 f5 45. a4 Rb4 46. Ra3
Kc5 47. a5 Rb7 48. a6 Ra7 49. Kc3 Kb5 50. Ra2 g6 51. h4 g5 52. hxg5 hxg5 53.
Ra1 f4 54. exf4 exf4 55. g4 Kb6 56. Kxc4 Rc7+ 57. Kd4 Ka7 58. Ra5 Rg7 59. Ke4
Rg6 60. Kf5 Rg8 61. Kf6 Kb6 62. Rxg5 Rf8+ 63. Ke7 Rc8 64. Rg6+ Ka7 65. Rf6 Rc7+
66. Kd6 Rc4 67. Kd5 Ra4 68. Ke5 1-0

[Event "Campeonato Brasileiro Amador 2017 Under2"]
[Site "?"]
[Date "2017.10.14"]
[Round "5.10"]
[White "Silva, Fabio Alcantara Mart"]
[Black "Sano, Rafael Angelo Nobuyu"]
[Result "1-0"]
[WhiteElo "1800"]
[BlackElo "1884"]
[PlyCount "105"]
[EventDate "2017.10.12"]

1. Nf3 d5 2. b3 Nf6 3. e3 Bg4 4. Bb2 Nbd7 5. d4 e6 6. Nbd2 Be7 7. Bd3 Rc8 8. c4
c6 9. Qc2 Bh5 10. h3 c5 11. O-O a6 12. Rac1 cxd4 13. exd4 dxc4 14. Nxc4 O-O 15.
Qe2 Nd5 16. Bb1 N7f6 17. Nce5 Qa5 18. g3 Bb4 19. a3 Be7 20. Kh2 Qd8 21. Rxc8
Qxc8 22. Rc1 Qd8 23. g4 Bg6 24. Bxg6 hxg6 25. Rc4 Nf4 26. Qe3 N6d5 27. Qe4 Bd6
28. Bc1 g5 29. Bxf4 Nxf4 30. Qxb7 Qa5 31. Rc8 Bxe5 32. Rxf8+ Kxf8 33. Nxe5 Kg8
34. Qxf7+ Kh7 35. Qb7 Qc3 36. Qe4+ Kg8 37. Nf3 Qxb3 38. h4 Qb8 39. Ne5 Qf8 40.
hxg5 Nd5 41. Kg3 Qxa3+ 42. f3 Qd6 43. Qg6 Qe7 44. Qh5 Qf8 45. Ng6 Qd6+ 46. Kh3
a5 47. Qh8+ Kf7 48. Ne5+ Ke7 49. Qxg7+ Ke8 50. Qf7+ Kd8 51. g6 Ne7 52. g7 Kc8
53. Qxe7 1-0

[Event "Campeonato Brasileiro Amador 2017 Under2"]
[Site "?"]
[Date "2017.10.14"]
[Round "6.1"]
[White "Yoshioka, Andre"]
[Black "Frois, Vitor Amorim"]
[Result "0-1"]
[WhiteElo "1947"]
[BlackElo "2045"]
[PlyCount "90"]
[EventDate "2017.10.12"]

1. d4 Nf6 2. c4 g6 3. Nc3 d5 4. cxd5 Nxd5 5. e4 Nxc3 6. bxc3 Bg7 7. Qa4+ Nd7 8.
Nf3 O-O 9. Bg5 c5 10. Rc1 Nf6 11. Bd3 Bd7 12. Qa3 Qc7 13. O-O c4 14. Bb1 e6 15.
Rfe1 b5 16. Ne5 h6 17. Be3 Bc6 18. Nxc6 Qxc6 19. f3 Rfc8 20. Qb2 a5 21. Qd2 Kh7
22. d5 exd5 23. Bd4 dxe4 24. fxe4 Qe6 25. Rcd1 Rd8 26. e5 Nd5 27. Qf2 b4 28.
Be4 Rac8 29. Qb2 Rb8 30. Qc1 Rbc8 31. Qb2 Bf8 32. Rf1 Be7 33. Rde1 Nxc3 34.
Bxc3 bxc3 35. Qb7 Kg7 36. Bc2 Rd2 37. Be4 Rcd8 38. Bf3 c2 39. h3 h5 40. Qb5
R8d3 41. Qxa5 Bh4 42. Rc1 Qd7 43. Qb4 Qd4+ 44. Kh1 Rxf3 45. e6 Rxh3+ 0-1

[Event "Campeonato Brasileiro Amador 2017 Under2"]
[Site "?"]
[Date "2017.10.14"]
[Round "6.2"]
[White "Van Riemsdijk, Dirk D"]
[Black "De Sousa, Matheus Mazim"]
[Result "0-1"]
[WhiteElo "1992"]
[BlackElo "2120"]
[PlyCount "96"]
[EventDate "2017.10.12"]

1. e4 c5 2. Nf3 Nc6 3. d4 cxd4 4. Nxd4 g6 5. c4 Bg7 6. Be3 Nf6 7. Nc3 O-O 8. f3
d6 9. Qd2 Nxd4 10. Bxd4 Be6 11. Rc1 Nd7 12. Be2 Bxd4 13. Qxd4 Qb6 14. Qxb6 Nxb6
15. b3 Rfc8 16. Kd2 Nd7 17. Nd5 Kf8 18. Nf4 Nc5 19. b4 Nd7 20. Nxe6+ fxe6 21.
f4 Kf7 22. a3 a5 23. Ra1 Ra7 24. h4 Nb6 25. Rac1 axb4 26. axb4 Ra2+ 27. Ke3
Rca8 28. c5 R8a3+ 29. Kf2 dxc5 30. bxc5 Na4 31. Rh3 Rxh3 32. gxh3 Ra3 33. Bf3
Nb2 34. Be2 Rxh3 35. Rb1 Na4 36. Rc1 Rc3 37. Rxc3 Nxc3 38. Bf3 Na4 39. Ke3 Nxc5
40. Kd4 b6 41. Kc4 Kf6 42. Kd4 h5 43. Bg2 Nd7 44. Bh3 Nb8 45. e5+ Kf7 46. Bg2
Na6 47. Be4 Nc7 48. Kc4 Nd5 0-1

[Event "Campeonato Brasileiro Amador 2017 Under"]
[Site "?"]
[Date "2017.10.14"]
[Round "6.3"]
[White "Hoshino, Karen"]
[Black "Loureiro, Anderson Felix"]
[Result "1/2-1/2"]
[WhiteElo "1978"]
[BlackElo "2129"]
[PlyCount "159"]
[EventDate "2017.10.12"]

1. d4 Nf6 2. c4 g6 3. Nc3 Bg7 4. e4 d6 5. f3 Nc6 6. Be3 O-O 7. Qd2 a6 8. Bd3
Rb8 9. Nge2 Re8 10. O-O e5 11. d5 Nb4 12. c5 Nxd3 13. Qxd3 dxc5 14. Bxc5 b6 15.
Be3 Re7 16. Rfd1 Rd7 17. Qc2 Bb7 18. Na4 Rc8 19. Qb3 Rb8 20. Rac1 Ne8 21. Rc3
Nd6 22. Rdc1 f5 23. Qc2 fxe4 24. fxe4 Qh4 25. Ng3 Nb5 26. Rc4 Bh6 27. Qd2 Bxe3+
28. Qxe3 Rf8 29. b3 Rff7 30. Nb2 Nd6 31. R4c2 Qf4 32. Qe2 h5 33. Nd3 Qg5 34.
Nf2 Rde7 35. Nh3 Qh6 36. Rc3 Bc8 37. Nf2 Nb5 38. Qe3 Qf4 39. Rd3 a5 40. Ne2 Qf6
41. a4 Nd6 42. Rdc3 Qxf2+ 43. Qxf2 Rxf2 44. Kxf2 Nxe4+ 45. Ke3 Nxc3 46. Nxc3
Bb7 47. Ne4 Kg7 48. d6 cxd6 49. Nxd6 Bxg2 50. Nc8 Rf7 51. Rg1 Bc6 52. Rc1 Bg2
53. Rg1 Bb7 54. Nxb6 Rf3+ 55. Kd2 Rxb3 56. Nc4 Rh3 57. Nxe5 Rxh2+ 58. Ke3 Rg2
59. Rb1 Bd5 60. Rb5 Bg8 61. Rxa5 h4 62. Kf3 Rg3+ 63. Kf2 g5 64. Nf3 Kh6 65. Rc5
Bb3 66. a5 Bd1 67. Rc3 Rg4 68. Ne5 Ra4 69. Nc4 Bh5 70. Rc2 Bg6 71. Rc3 Ra2+ 72.
Kg1 g4 73. Ne3 g3 74. Rc4 Kg5 75. Rc5+ Kf4 76. Ng2+ Kg4 77. Rc4+ Kg5 78. Nxh4
Rxa5 79. Nxg6 Kxg6 80. Kg2 1/2-1/2

[Event "Campeonato Brasileiro Amador 2017 Under"]
[Site "?"]
[Date "2017.10.14"]
[Round "6.4"]
[White "Damaceno, Mateus Lima"]
[Black "Felix Simoes, Rodrigo"]
[Result "1-0"]
[WhiteElo "1947"]
[BlackElo "2078"]
[PlyCount "58"]
[EventDate "2017.10.12"]

1. d4 Nf6 2. c4 g6 3. Nc3 Bg7 4. e4 d6 5. Nf3 O-O 6. Be2 e5 7. O-O Nc6 8. d5
Ne7 9. Ne1 Nd7 10. Be3 f5 11. f3 f4 12. Bf2 g5 13. Rc1 Rf6 14. Nd3 Rh6 15. c5
Qe8 16. Nb5 Qh5 17. h4 gxh4 18. Nxc7 Nxc5 19. Nxc5 Rg6 20. Kh2 h3 21. g4 fxg3+
22. Bxg3 Rxg3 23. Kxg3 Qg5+ 24. Kf2 Qh4+ 25. Ke3 Bh6+ 26. f4 exf4+ 27. Kd2 f3+
28. Kc2 fxe2 29. Qxe2 Bg4 1-0

[Event "Campeonato Brasileiro Amador 2017 Under2"]
[Site "?"]
[Date "2017.10.14"]
[Round "6.5"]
[White "Moreira, Ronaldo Alonso"]
[Black "Vargas, Goncalo Cintra"]
[Result "1/2-1/2"]
[WhiteElo "2043"]
[BlackElo "2054"]
[PlyCount "59"]
[EventDate "2017.10.12"]

1. d4 f5 2. c4 Nf6 3. Nc3 e6 4. Nf3 Bb4 5. Qb3 c5 6. e3 b6 7. a3 Ba5 8. Bd3 Bb7
9. dxc5 Bxf3 10. gxf3 bxc5 11. Bd2 Nc6 12. Qc2 O-O 13. Be2 Qe7 14. O-O-O Rab8
15. Na4 Bxd2+ 16. Qxd2 d5 17. cxd5 Nxd5 18. Bc4 Nb6 19. Nxb6 Rxb6 20. Qd6 Re8
21. Qxe7 Rxe7 22. Rd6 Ne5 23. Rxb6 axb6 24. Be2 Rd7 25. Rd1 Rxd1+ 26. Kxd1 g5
27. Kd2 Kf7 28. Kc3 Ke7 29. b3 Kd6 30. a4 1/2-1/2

[Event "Campeonato Brasileiro Amador 2017 Under2"]
[Site "?"]
[Date "2017.10.14"]
[Round "6.6"]
[White "Goncalves, Marcus Vinicius M"]
[Black "Reis Junior, Evandro De Laet"]
[Result "1/2-1/2"]
[WhiteElo "1970"]
[BlackElo "2039"]
[PlyCount "72"]
[EventDate "2017.10.12"]

1. d4 Nf6 2. c4 g6 3. Nc3 Bg7 4. e4 d6 5. Nf3 O-O 6. g3 Nbd7 7. Bg2 e5 8. O-O
exd4 9. Nxd4 Re8 10. b3 Nc5 11. f3 a5 12. Ba3 Nfd7 13. Nce2 h5 14. Qc2 h4 15.
Rad1 Bh6 16. f4 Qe7 17. Nc3 c6 18. Rde1 Bg7 19. Nf3 hxg3 20. hxg3 Qd8 21. e5
dxe5 22. fxe5 Qb6 23. Kh1 Nxe5 24. Nxe5 Rxe5 25. Rxe5 Bxe5 26. Qf2 Bf5 27. Bxc5
Qc7 28. Ne2 Kg7 29. Bd4 Rh8+ 30. Kg1 f6 31. Bxe5 Qxe5 32. Re1 Re8 33. Qf4 Qc5+
34. Qf2 Qe5 35. Qf4 Qc5+ 36. Qf2 Qe5 1/2-1/2